[Event "29th Czech Open A 2018"]
[Site "Pardubice CZE"]
[Date "2018.07.27"]
[Round "8.1"]
[White "Movsesian, Sergei"]
[Black "Deepan, Chakkravarthy J."]
[Result "1-0"]
[WhiteTitle "GM"]
[BlackTitle "GM"]
[WhiteElo "2635"]
[BlackElo "2519"]
[WhiteFideId "310204"]
[BlackFideId "5011132"]
[EventDate "2018.07.20"]

1. e4 c5 2. Nc3 d6 3. Nge2 Nf6 4. g3 g6 5. Bg2 Bg7 6. d3 Nc6 7. O-O O-O 8. Bg5
Rb8 9. Qd2 b5 10. Bh6 b4 11. Nd5 e6 12. Bxg7 Kxg7 13. Ne3 d5 14. exd5 exd5 15.
d4 Ba6 16. dxc5 Qe7 17. Nd4 Qxc5 18. Nef5+ Kh8 19. Qh6 Nh5 20. Nf3 f6 21. Rfe1
Rg8 22. N5h4 d4 23. g4 1-0

[Event "29th Czech Open A 2018"]
[Site "Pardubice CZE"]
[Date "2018.07.27"]
[Round "8.2"]
[White "Paravyan, David"]
[Black "Kobo, Ori"]
[Result "1/2-1/2"]
[WhiteTitle "GM"]
[BlackTitle "GM"]
[WhiteElo "2638"]
[BlackElo "2508"]
[WhiteFideId "4194985"]
[BlackFideId "2812320"]
[EventDate "2018.07.20"]

1. c4 e5 2. Nc3 Nf6 3. g3 d5 4. cxd5 Nxd5 5. Bg2 Nxc3 6. bxc3 Nc6 7. Rb1 Bc5 8.
Qa4 O-O 9. Nf3 Bb6 10. d3 Re8 11. Ng5 h6 12. Ne4 Be6 13. Ba3 Bxa2 14. Rb2 Be6
15. O-O Rb8 16. Nc5 Bxc5 17. Bxc5 Bd7 18. Rfb1 Qc8 19. Be3 a6 20. Qc4 Na5 21.
Qh4 b6 22. Rb4 Qd8 23. Qh5 Qf6 24. g4 Qg6 25. Qxg6 fxg6 26. g5 h5 27. Ra1 Rbc8
28. h4 Nc6 29. Bd5+ Kh7 30. Bxc6 Bxc6 31. Rxa6 Ra8 32. Rxa8 Rxa8 33. f4 Ra2 34.
fxe5 Rxe2 35. Bf4 Bd5 36. Kf1 Rc2 37. c4 Be6 38. Ke1 Rg2 39. Be3 Rg3 40. Kd2 1/2-1/2

[Event "29th Czech Open A 2018"]
[Site "Pardubice CZE"]
[Date "2018.07.27"]
[Round "8.3"]
[White "Potapov, Pavel"]
[Black "Stocek, Jiri"]
[Result "1-0"]
[WhiteTitle "GM"]
[BlackTitle "GM"]
[WhiteElo "2500"]
[BlackElo "2586"]
[WhiteFideId "4169786"]
[BlackFideId "304760"]
[EventDate "2018.07.20"]

1. e4 Nf6 2. e5 Nd5 3. d4 d6 4. Nf3 dxe5 5. Nxe5 c6 6. Be2 Bf5 7. O-O Nd7 8. Nf3
e6 9. c4 N5f6 10. Nc3 Be7 11. Nh4 Bg6 12. Nxg6 hxg6 13. Bf4 Nh5 14. Bxh5 Rxh5
15. d5 cxd5 16. cxd5 e5 17. Bg3 Qb6 18. Rc1 Rd8 19. Re1 Kf8 20. d6 Qxd6 21. Qf3
Qa6 22. Nd5 Rf5 23. Qc3 Bc5 24. b4 Qxa2 25. bxc5 Qxd5 26. Red1 Qc6 27. Rd6 Qb5
28. Qa3 Kg8 29. c6 bxc6 30. Qxa7 Rf6 31. Rxd7 Rxd7 32. Qxd7 Re6 33. h4 Qd5 34.
Qxd5 cxd5 35. Rc5 f5 36. f4 g5 37. hxg5 1-0

[Event "29th Czech Open A 2018"]
[Site "Pardubice CZE"]
[Date "2018.07.27"]
[Round "8.4"]
[White "Gasanov, Eldar"]
[Black "Mozharov, Mikhail"]
[Result "1/2-1/2"]
[WhiteTitle "GM"]
[BlackTitle "GM"]
[WhiteElo "2475"]
[BlackElo "2542"]
[WhiteFideId "14104466"]
[BlackFideId "4189825"]
[EventDate "2018.07.20"]

1. Nf3 d5 2. e3 Nf6 3. c4 e6 4. b3 Be7 5. Bb2 O-O 6. Nc3 dxc4 7. Bxc4 c5 8. O-O
a6 9. Rc1 Nc6 10. Qc2 b6 11. Rfd1 Bb7 12. Be2 Rc8 13. Qb1 Nb8 14. d4 Nbd7 15.
Na4 cxd4 16. Bxd4 Rxc1 17. Qxc1 Qb8 18. Qa1 b5 19. Nb2 e5 20. Bc3 Rc8 21. Ba5
Ba3 22. Rc1 Nd5 23. Rxc8+ Qxc8 24. Nd1 f6 25. Nc3 Qc5 26. Nxd5 Bxd5 27. Qc3 Kf7
28. Nd2 Qxc3 29. Bxc3 Ke7 30. Nb1 Bd6 31. Nd2 Nc5 32. Kf1 g6 33. f3 f5 34. h3
Ke6 35. Kf2 Bc7 36. Nb1 Bb6 37. Bd2 Bc6 38. Nc3 Nb7 39. Ke1 Nd6 40. Bf1 g5 41.
Bd3 h6 42. e4 f4 43. a4 Bd4 44. Na2 bxa4 45. bxa4 Bxa4 1/2-1/2

[Event "29th Czech Open A 2018"]
[Site "Pardubice CZE"]
[Date "2018.07.27"]
[Round "8.5"]
[White "Nasanjargal, Urtnasan"]
[Black "Steinberg, Nitzan"]
[Result "1/2-1/2"]
[WhiteTitle "FM"]
[BlackTitle "GM"]
[WhiteElo "2454"]
[BlackElo "2521"]
[WhiteFideId "4900774"]
[BlackFideId "2801795"]
[EventDate "2018.07.20"]

1. Nf3 d5 2. g3 g6 3. Bg2 Bg7 4. d4 c6 5. O-O Nf6 6. c4 dxc4 7. a4 Ne4 8. Ne5
Bxe5 9. dxe5 Qxd1 10. Rxd1 Nc5 11. a5 Nba6 12. Be3 O-O 13. Nd2 Be6 14. Rdc1 Rfd8
15. Ra3 Nb3 16. Nxb3 cxb3 17. Ra4 Rd7 18. Be4 Rad8 19. Bd3 c5 20. Bxc5 Rc8 21.
Be3 Rxc1+ 22. Bxc1 Nc5 23. Rb4 Nxd3 24. exd3 Rxd3 25. Be3 Rd1+ 26. Kg2 Bd5+ 27.
Kh3 Rb1 28. Rd4 e6 29. Rd2 a6 30. Bc5 Ra1 31. Bb4 Kg7 32. Kg4 Re1 33. Bc3 Re4+
34. Kh3 g5 35. Rd4 h5 36. Rxe4 Bxe4 37. g4 Kg6 38. gxh5+ Kxh5 39. Kg3 g4 40. h3
gxh3 41. Kxh3 Kg5 42. Kg3 Kf5 43. f3 Bd5 44. Bd4 Kg6 45. Kf4 Kg7 46. Ke3 Kf8 47.
Bc5+ Ke8 48. f4 1/2-1/2

[Event "29th Czech Open A 2018"]
[Site "Pardubice CZE"]
[Date "2018.07.27"]
[Round "8.6"]
[White "Noe, Christopher"]
[Black "Christiansen, Johan-Sebastian"]
[Result "1/2-1/2"]
[WhiteTitle "IM"]
[BlackTitle "IM"]
[WhiteElo "2520"]
[BlackElo "2506"]
[WhiteFideId "24692018"]
[BlackFideId "1512668"]
[EventDate "2018.07.20"]

1. d4 Nf6 2. Nf3 d5 3. c4 e6 4. e3 Bd6 5. Nc3 O-O 6. Bd3 dxc4 7. Bxc4 c5 8. O-O
a6 9. Qe2 cxd4 10. exd4 b5 11. Bb3 Bb7 12. Bg5 h6 13. Bh4 b4 14. Na4 Nbd7 15.
Ne5 Qb8 16. Rfe1 Bd5 17. Bxd5 exd5 18. Bg3 Bxe5 19. dxe5 Re8 20. Qd1 Nxe5 1/2-1/2

[Event "29th Czech Open A 2018"]
[Site "Pardubice CZE"]
[Date "2018.07.27"]
[Round "8.7"]
[White "Jarmula, Lukasz"]
[Black "Stany, G.A."]
[Result "1-0"]
[WhiteTitle "IM"]
[BlackTitle "IM"]
[WhiteElo "2512"]
[BlackElo "2483"]
[WhiteFideId "1160664"]
[BlackFideId "5029104"]
[EventDate "2018.07.20"]

1. d4 Nf6 2. c4 g6 3. f3 d5 4. cxd5 Nxd5 5. e4 Nb6 6. Nc3 Bg7 7. Be3 O-O 8. Qd2
e5 9. d5 c6 10. h4 cxd5 11. exd5 N8d7 12. h5 Nf6 13. hxg6 fxg6 14. O-O-O Bd7 15.
d6 Rc8 16. Kb1 e4 17. fxe4 Na4 18. Nge2 Qe8 19. Rh4 Rf7 20. Bd4 Qf8 21. e5 Ng4
22. Nd5 Nxe5 23. Ne7+ Rxe7 24. dxe7 Qxe7 25. Bxe5 Bf5+ 26. Ka1 Qxh4 27. Qd5+ Kh8
28. g4 Bxg4 29. Bxg7+ Kxg7 30. Qd4+ Qf6 31. Qxa4 Rd8 32. Rb1 Bxe2 33. Bxe2 a6
34. a3 h5 35. Qb4 b5 36. Rg1 Kh6 37. Qe4 Rd6 38. Qe3+ Kh7 39. Bd3 Qh4 40. Qa7+
Kh6 41. Qf7 Qf6 42. Rxg6+ Qxg6 43. Bxg6 Rxg6 44. Qf4+ 1-0

[Event "29th Czech Open A 2018"]
[Site "Pardubice CZE"]
[Date "2018.07.27"]
[Round "8.8"]
[White "Bernadskiy, Vitaliy"]
[Black "Neverov, Valeriy"]
[Result "0-1"]
[WhiteTitle "GM"]
[BlackTitle "GM"]
[WhiteElo "2586"]
[BlackElo "2473"]
[WhiteFideId "14100371"]
[BlackFideId "14100150"]
[EventDate "2018.07.20"]

1. d4 d5 2. c4 e6 3. Nc3 Nf6 4. cxd5 Nxd5 5. Nf3 c5 6. e3 cxd4 7. exd4 Bb4 8.
Bd2 Nc6 9. Bd3 Be7 10. O-O O-O 11. Be4 Nf6 12. Bxc6 bxc6 13. Bg5 h6 14. Bh4 c5
15. Ne5 Qxd4 16. Qf3 Ba6 17. Bg3 Bxf1 18. Rd1 Qb4 19. Nc6 Qb7 20. Nxe7+ Qxe7 21.
Bd6 Bxg2 22. Qxg2 Qe8 23. Bxc5 Rc8 24. Ba3 Rc4 25. h3 Qb8 26. Bd6 Qc8 27. Bxf8
Kxf8 28. Qg3 Kg8 29. Qd3 Qc6 30. Qd6 Qf3 31. Qd8+ Kh7 32. Qd3+ Qxd3 33. Rxd3 g5
34. Rd6 a5 35. Ra6 Rc5 36. Na4 Rf5 37. Nb6 Ne4 38. Nc4 Nxf2 39. Rxa5 Rf4 40. Ne5
Nxh3+ 41. Kg2 Rh4 42. Ra7 Nf4+ 43. Kf3 Nd5 44. Rxf7+ Kg8 45. Rb7 h5 46. Kg3 Re4
47. Ng6 h4+ 48. Kf2 h3 49. Ne7+ Nxe7 50. Rxe7 h2 51. Kg2 Re2+ 52. Kh1 g4 53. Rc7
g3 54. Rc1 Kg7 55. a4 Kg6 56. a5 Rf2 57. Re1 Kf6 58. a6 g2+ 0-1

[Event "29th Czech Open A 2018"]
[Site "Pardubice CZE"]
[Date "2018.07.27"]
[Round "8.9"]
[White "Sengupta, Deep"]
[Black "Kozak, Adam"]
[Result "0-1"]
[WhiteTitle "GM"]
[BlackTitle "IM"]
[WhiteElo "2565"]
[BlackElo "2446"]
[WhiteFideId "5008352"]
[BlackFideId "753246"]
[EventDate "2018.07.20"]

1. e4 e5 2. Nf3 Nc6 3. Bb5 Nf6 4. O-O Nxe4 5. d4 Nd6 6. Bxc6 dxc6 7. dxe5 Nf5 8.
Qxd8+ Kxd8 9. Nc3 Bd7 10. Rd1 Kc8 11. h3 Be7 12. b3 b6 13. Bb2 a5 14. a4 h6 15.
Rd3 Nh4 16. Nd4 Re8 17. Re1 Bb4 18. Re4 g5 19. Rd1 Bxc3 20. Bxc3 c5 21. Nb5 Bc6
22. Rg4 Ng6 23. Re1 Kb7 24. e6 f5 25. Rg3 Nf4 26. e7 Be4 27. h4 Bxc2 28. hxg5
hxg5 29. Bd2 Be4 30. f3 Bc2 31. Rxg5 Nd5 32. g4 Rxe7 33. Rxe7 Nxe7 34. Rg7 Nd5
35. g5 Bxb3 36. g6 Kc6 37. Rf7 Rg8 38. g7 Bxa4 39. Nc3 Nxc3 40. Bxc3 Bb3 41.
Rxf5 b5 42. Rf6+ Kb7 43. Rf8 b4 44. Be5 Bd5 45. Kf2 c4 46. Ke3 c3 47. Kd4 c2 48.
Bf4 Rxg7 49. Kxd5 b3 50. Bc1 Rg1 51. Kc4 a4 0-1

[Event "29th Czech Open A 2018"]
[Site "Pardubice CZE"]
[Date "2018.07.27"]
[Round "8.10"]
[White "Kraus, Tomas"]
[Black "Nguyen, Thai Dai Van"]
[Result "1/2-1/2"]
[WhiteTitle "IM"]
[BlackTitle "GM"]
[WhiteElo "2442"]
[BlackElo "2546"]
[WhiteFideId "331708"]
[BlackFideId "358878"]
[EventDate "2018.07.20"]

1. c4 e6 2. Nc3 d5 3. d4 Nf6 4. cxd5 Nxd5 5. e4 Nxc3 6. bxc3 c5 7. Rb1 Be7 8.
Nf3 O-O 9. Bc4 a6 10. a4 Qc7 11. d5 exd5 12. Bxd5 Nd7 13. O-O Nf6 14. Bg5 Nxd5
15. exd5 Bxg5 16. Nxg5 Bf5 17. Rb2 c4 18. Qd4 Bd3 19. Re1 Rad8 20. Nf3 Qd7 21.
d6 b5 22. axb5 axb5 23. Ne5 Qxd6 24. Qxd6 Rxd6 25. Rxb5 f6 26. Nxd3 cxd3 27. Rd1
Rc8 28. Rb3 Kf7 29. f3 1/2-1/2

[Event "29th Czech Open A 2018"]
[Site "Pardubice CZE"]
[Date "2018.07.27"]
[Round "8.11"]
[White "Zakhartsov, Viacheslav V."]
[Black "Das, Arghyadip"]
[Result "1-0"]
[WhiteTitle "GM"]
[BlackTitle "IM"]
[WhiteElo "2539"]
[BlackElo "2436"]
[WhiteFideId "4115333"]
[BlackFideId "5003610"]
[EventDate "2018.07.20"]

1. d4 d5 2. c4 e6 3. Nc3 c6 4. Nf3 Nf6 5. Bg5 dxc4 6. e4 b5 7. e5 h6 8. Bh4 g5
9. Nxg5 hxg5 10. Bxg5 Nbd7 11. g3 Bb7 12. Bg2 Qb6 13. exf6 c5 14. d5 O-O-O 15.
O-O b4 16. Na4 Qb5 17. a3 Nb8 18. axb4 cxb4 19. Qg4 Bxd5 20. Rfc1 Nc6 21. Bxd5
Rxd5 22. Rxc4 Rxg5 23. Qd4 Kb8 24. Rxc6 Rxg3+ 25. fxg3 Qxc6 26. Rd1 Qc7 27. b3
Kc8 28. Qe4 Kb8 29. Kg2 Bd6 30. Rd4 Rh6 31. Rc4 Qb7 32. Rc6 Rxf6 33. Nc5 Bxc5
34. Qe5+ Ka8 35. Qxc5 Qd7 36. Rd6 Rf5 37. Rxd7 Rxc5 38. Rxf7 a5 39. h4 Rc2+ 40.
Kh3 a4 41. bxa4 b3 42. Rf3 b2 43. Rb3 Ka7 44. h5 Ka6 45. h6 Rc7 46. Rxb2 Rh7 47.
Kg4 Rxh6 48. Rb5 Rg6+ 49. Kf4 Rf6+ 50. Kg5 Rf3 51. g4 Re3 52. Kf4 Ra3 53. Rb4 1-0

[Event "29th Czech Open A 2018"]
[Site "Pardubice CZE"]
[Date "2018.07.27"]
[Round "8.12"]
[White "Gonda, Laszlo"]
[Black "Zwardon, Vojtech"]
[Result "1-0"]
[WhiteTitle "GM"]
[BlackTitle "IM"]
[WhiteElo "2534"]
[BlackElo "2424"]
[WhiteFideId "720852"]
[BlackFideId "325511"]
[EventDate "2018.07.20"]

1. d4 Nf6 2. c4 e6 3. Nf3 c5 4. d5 b5 5. dxe6 fxe6 6. cxb5 a6 7. e3 Be7 8. Nc3
d5 9. b3 O-O 10. a4 axb5 11. Bxb5 Qa5 12. Bd2 Qb6 13. O-O Bb7 14. Qe2 Nc6 15.
Ng5 Na5 16. Rab1 h6 17. Nf3 Bd6 18. Bd3 Ne4 19. Nb5 Ba6 20. Bxa5 Qxa5 21. Bxe4
dxe4 22. Nd2 Bxb5 23. axb5 Qc7 24. Nxe4 Bxh2+ 25. Kh1 Qe5 26. Qg4 h5 27. Qg6 Rf5
28. f3 h4 29. Rfd1 Bg3 30. b6 Rh5 31. b7 Rf8 32. f4 Qf5 33. Qxf5 Rhxf5 34. Nd6 1-0

[Event "29th Czech Open A 2018"]
[Site "Pardubice CZE"]
[Date "2018.07.27"]
[Round "8.13"]
[White "Debashis, Das"]
[Black "Haldorsen, Benjamin"]
[Result "1/2-1/2"]
[WhiteTitle "GM"]
[BlackTitle "FM"]
[WhiteElo "2529"]
[BlackElo "2423"]
[WhiteFideId "5024854"]
[BlackFideId "1512633"]
[EventDate "2018.07.20"]

1. d4 d5 2. c4 e6 3. Nc3 c6 4. e3 Nf6 5. Nf3 Nbd7 6. Bd3 dxc4 7. Bxc4 b5 8. Bd3
Bb7 9. O-O a6 10. e4 c5 11. d5 Qc7 12. Bc2 Bd6 13. dxe6 fxe6 14. Ng5 Nf8 15. f4
O-O-O 16. Qe2 h6 17. Nf3 Bxf4 18. e5 Bxc1 19. Raxc1 Nd5 20. a4 b4 21. Nxd5 Bxd5
22. Qxa6+ Qb7 23. Qe2 Kb8 24. Bd3 Nd7 25. Bb5 Rhf8 26. Bxd7 Qxd7 27. Rxc5 Bxf3
28. gxf3 Qd4+ 29. Qf2 Rxf3 30. Rb5+ Ka8 31. Qxd4 Rxf1+ 32. Kxf1 Rxd4 33. Rb6 Rd2
34. Rxb4 Rxh2 35. Rb6 Ka7 36. a5 g5 37. Rxe6 Rxb2 38. Rxh6 Rb5 39. e6 Rxa5 40.
e7 Re5 41. Rg6 Rxe7 42. Rxg5 1/2-1/2

[Event "29th Czech Open A 2018"]
[Site "Pardubice CZE"]
[Date "2018.07.27"]
[Round "8.14"]
[White "Drnovsek, Gal"]
[Black "Praggnanandhaa, R"]
[Result "1/2-1/2"]
[WhiteTitle "IM"]
[BlackTitle "IM"]
[WhiteElo "2414"]
[BlackElo "2529"]
[WhiteFideId "14607077"]
[BlackFideId "25059530"]
[EventDate "2018.07.20"]

1. d4 Nf6 2. c4 e6 3. Nc3 Bb4 4. Qc2 O-O 5. Nf3 d5 6. Bg5 h6 7. Bxf6 Qxf6 8. a3
Bxc3+ 9. Qxc3 c6 10. e3 Nd7 11. Be2 dxc4 12. Bxc4 b6 13. Bd3 Bb7 14. Be4 Rac8
15. O-O Qe7 16. b4 Nf6 17. Bd3 c5 18. dxc5 bxc5 19. Ne5 Nd5 20. Qb2 cxb4 21.
axb4 Qxb4 22. Qxb4 Nxb4 23. Rxa7 Nxd3 24. Nxd3 Be4 25. Ne5 f6 26. f3 fxe5 27.
fxe4 Rc4 28. Rxf8+ Kxf8 29. Kf2 Rxe4 30. Kf3 Rb4 31. e4 Rb3+ 32. Kf2 Rb5 33. Kf3
Kg8 34. Re7 Rb6 35. Ra7 Rb3+ 36. Kf2 Rb5 37. Re7 Rb6 38. Ra7 Rb5 39. Re7 Rb6 40.
Ra7 1/2-1/2

[Event "29th Czech Open A 2018"]
[Site "Pardubice CZE"]
[Date "2018.07.27"]
[Round "8.15"]
[White "Shyam, Sundar M."]
[Black "Fenil, Shah"]
[Result "1-0"]
[WhiteTitle "GM"]
[BlackTitle "IM"]
[WhiteElo "2527"]
[BlackElo "2411"]
[WhiteFideId "5019141"]
[BlackFideId "5019850"]
[EventDate "2018.07.20"]

1. e4 c5 2. Nf3 e6 3. d4 cxd4 4. Nxd4 Nc6 5. Nc3 Qc7 6. Be3 a6 7. Qf3 Nf6 8.
O-O-O Ne5 9. Qg3 b5 10. a3 Bb7 11. Bxb5 Rc8 12. Ba4 Nc4 13. Qxc7 Rxc7 14. Bf4 e5
15. Bg3 exd4 16. Rxd4 Rc5 17. e5 Nd5 18. Nxd5 Bxd5 19. b4 Nb6 20. bxc5 Bxc5 21.
Rhd1 Bxd4 22. Rxd4 Ke7 23. Bb3 Ke6 24. Rb4 Na8 25. Rb7 Bxb3 26. cxb3 Rc8+ 27.
Kb2 Rc6 28. Rb8 Nc7 29. Rc8 Kf5 30. Rd8 Ke6 31. Rc8 Kf5 32. h3 Ke6 33. Bh2 h5
34. g4 hxg4 35. hxg4 g5 36. a4 Nd5 37. Re8+ Ne7 38. f4 gxf4 39. Bxf4 f6 40. exf6
Kxf6 41. Rd8 Ng6 42. Bd2 Ne5 43. g5+ Kf5 44. Rf8+ Ke4 45. Re8 Kf5 46. a5 Nd3+
47. Ka3 Nc5 48. Rd8 Ke6 49. Rf8 Ke7 50. Rf5 Ne6 51. g6 Ke8 52. Bb4 d6 53. Rf6
Ke7 54. Rf7+ Ke8 55. Rb7 Kf8 56. Rb6 Nd4 57. Bxd6+ Rxd6 58. Rxd6 Nb5+ 59. Kb4
Nxd6 60. Kc5 Nb5 61. Kb6 Nd4 62. b4 Nc2 63. b5 axb5 64. a6 Nb4 65. a7 Nd5+ 66.
Kc6 1-0

[Event "29th Czech Open A 2018"]
[Site "Pardubice CZE"]
[Date "2018.07.27"]
[Round "8.16"]
[White "Plischki, Sebastian"]
[Black "Schlosser, Philipp"]
[Result "0-1"]
[WhiteTitle "IM"]
[BlackTitle "GM"]
[WhiteElo "2413"]
[BlackElo "2501"]
[WhiteFideId "4637143"]
[BlackFideId "4600169"]
[EventDate "2018.07.20"]

1. Nf3 d5 2. c4 d4 3. b4 f6 4. e3 e5 5. c5 a5 6. Qa4+ c6 7. Bc4 Nh6 8. Bb2 Nd7
9. Qc2 d3 10. Bxd3 axb4 11. Bxh7 Rxh7 12. Qxh7 Nxc5 13. Qg6+ Ke7 14. Qc2 Nd3+
15. Ke2 Bf5 16. Qb3 Qa5 17. Ne1 Nc5 18. Qc4 Be6 19. Qc2 Qb5+ 20. d3 e4 21. Nd2
Rd8 22. Kf1 exd3 23. Qc1 Na4 24. Nef3 c5 0-1

[Event "29th Czech Open A 2018"]
[Site "Pardubice CZE"]
[Date "2018.07.27"]
[Round "8.17"]
[White "Hasangatin, Ramil"]
[Black "Potapov, Alexander1"]
[Result "1/2-1/2"]
[WhiteTitle "GM"]
[BlackTitle "GM"]
[WhiteElo "2497"]
[BlackElo "2404"]
[WhiteFideId "4122160"]
[BlackFideId "4115074"]
[EventDate "2018.07.20"]

1. d4 f5 2. g3 Nf6 3. Bg2 g6 4. c3 Bg7 5. h4 d5 6. Nh3 Be6 7. Qb3 b6 8. Nd2 Nc6
9. Nf3 Qd7 10. Nf4 Bf7 11. Nd3 Ne4 12. Bf4 h6 13. Qc2 Rg8 14. Qc1 Rh8 15. b4
O-O-O 16. O-O g5 17. hxg5 hxg5 18. Nxg5 Bh5 19. Nf3 Rdg8 20. e3 Bxf3 21. Bxf3 e5
22. dxe5 Bxe5 23. Kg2 Qg7 24. Nxe5 Nxe5 25. Bxe5 Qxe5 26. Qe1 Rh7 27. Rh1 Rxh1
28. Kxh1 Nxc3 29. Rc1 Ne4 30. Bg2 Rd8 31. Kg1 d4 32. Bxe4 Qxe4 33. exd4 Rxd4 34.
Qxe4 Rxe4 35. a3 Kd7 36. Kg2 Rd4 37. Kf3 a6 38. Ke3 Re4+ 39. Kd3 Kd6 40. Rh1 Re6
41. Rh5 Re5 42. f3 a5 43. Rh6+ Kd7 44. Kd4 Rb5 45. Kc4 Re5 46. f4 Re3 47. bxa5
Rxg3 48. a4 bxa5 49. Rf6 Ra3 50. Kb5 Rb3+ 51. Kxa5 c5 52. Rxf5 Kc6 53. Rf8 Rb7
54. Rc8+ Kd5 55. f5 c4 56. Ka6 Rf7 57. Kb6 Kd4 58. a5 Rxf5 59. a6 Rf1 60. a7
Rb1+ 61. Kc6 Ra1 62. a8=Q Rxa8 63. Rxa8 c3 64. Kb5 c2 65. Rc8 Kd3 66. Kb4 Kd2
67. Rd8+ Ke2 68. Rc8 Kd2 69. Kb3 c1=Q 70. Rxc1 Kxc1 1/2-1/2

[Event "29th Czech Open A 2018"]
[Site "Pardubice CZE"]
[Date "2018.07.27"]
[Round "8.18"]
[White "Rahul, Srivatshav P"]
[Black "Simacek, Pavel"]
[Result "0-1"]
[WhiteTitle "IM"]
[BlackTitle "GM"]
[WhiteElo "2397"]
[BlackElo "2490"]
[WhiteFideId "25059653"]
[BlackFideId "307165"]
[EventDate "2018.07.20"]

1. d4 d5 2. c4 dxc4 3. e3 e5 4. Bxc4 exd4 5. exd4 Bd6 6. Nf3 Nf6 7. O-O O-O 8.
h3 Nc6 9. Nc3 h6 10. a3 Bf5 11. Re1 a6 12. d5 Ne7 13. Be3 Bh7 14. Qd2 Nf5 15.
Bf4 Bxf4 16. Qxf4 Qd6 17. Re5 Ne7 18. Qd2 Rad8 19. Rd1 Nc8 20. Ba2 Nb6 21. Qd4
Rfe8 22. a4 Nbd7 23. Rxe8+ Rxe8 24. Nd2 Ne5 25. Re1 Re7 26. Qa7 Bd3 27. Re3 b6
28. Bb1 Bxb1 29. Ndxb1 a5 30. Nd2 Qb4 31. Qa6 Qxb2 32. Qe2 Ng6 33. Rxe7 Nxe7 34.
Qxe7 Qxc3 35. Nf1 Qc1 36. Qd8+ Kh7 37. Qe7 Kg6 38. d6 cxd6 39. Qxd6 Qc5 40. Qd3+
Qf5 41. Qb3 Nd5 42. Ne3 Nxe3 43. Qxb6+ Qf6 44. Qxe3 Qa1+ 45. Kh2 Qxa4 46. Qd3+
f5 47. Qd6+ Kf7 48. Qd5+ Ke7 49. Qe5+ Kd8 50. Qxf5 Qb4 51. Qe6 Qc3 52. f4 Qd4
53. Kg3 a4 54. Qc6 Qe3+ 55. Kg4 a3 56. Qd6+ Ke8 57. Qc6+ Ke7 58. Qc7+ Kf6 59.
Qd8+ Qe7 60. Qd4+ Kf7 61. Kg3 a2 62. Kh2 Kg8 63. Qd5+ Qf7 64. Qd4 Kh8 65. Qa4
Qd5 66. h4 h5 67. Qa3 Kh7 68. Qa6 Qd2 69. Qa4 Qb2 70. Qa5 g6 71. Qc7+ Qg7 0-1

[Event "29th Czech Open A 2018"]
[Site "Pardubice CZE"]
[Date "2018.07.27"]
[Round "8.19"]
[White "Yagupov, Igor"]
[Black "Gutman, Gennadi"]
[Result "1-0"]
[WhiteTitle "GM"]
[BlackTitle "GM"]
[WhiteElo "2349"]
[BlackElo "2476"]
[WhiteFideId "4113632"]
[BlackFideId "14102277"]
[EventDate "2018.07.20"]

1. e4 c5 2. Nf3 e6 3. d4 cxd4 4. Nxd4 Bc5 5. Nb3 Be7 6. Nc3 Nc6 7. f4 d6 8. Be3
Nf6 9. Qf3 a6 10. O-O-O Qc7 11. g4 b5 12. g5 Nd7 13. Kb1 Bb7 14. Qh3 b4 15. Ne2
Na5 16. Nxa5 Qxa5 17. Bg2 e5 18. f5 Rc8 19. f6 gxf6 20. Ng3 Qc7 21. Nf5 Qxc2+
22. Ka1 Bxe4 23. Bxe4 Qxe4 24. gxf6 Bf8 25. Bh6 Rc6 26. Rhe1 1-0

[Event "29th Czech Open A 2018"]
[Site "Pardubice CZE"]
[Date "2018.07.27"]
[Round "8.20"]
[White "Salimova, Nurgyul"]
[Black "Harsha, Bharathakoti"]
[Result "1-0"]
[WhiteTitle "FM"]
[BlackTitle "IM"]
[WhiteElo "2317"]
[BlackElo "2465"]
[WhiteFideId "2915138"]
[BlackFideId "5078776"]
[EventDate "2018.07.20"]

1. e4 e6 2. d4 d5 3. Nc3 Nf6 4. Bg5 dxe4 5. Nxe4 Be7 6. Bxf6 gxf6 7. Nf3 f5 8.
Nc3 a6 9. g3 b5 10. Bg2 Bb7 11. O-O c5 12. d5 b4 13. dxe6 bxc3 14. exf7+ Kf8 15.
Qe2 cxb2 16. Rad1 Qb6 17. Rfe1 Qf6 18. c3 Be4 19. Nh4 Bxg2 20. Kxg2 Nc6 21. Qxb2
Rb8 22. Qc2 f4 23. Re4 fxg3 24. hxg3 Rd8 25. Rde1 Qd6 26. Nf5 Qd5 27. Qc1 h6 28.
Qf4 Bg5 29. Qf3 Qxf7 30. Re6 Nb8 31. Qe4 Rg8 32. Nd6 Qd7 33. Qf5+ Kg7 34. Qg6+ 1-0

[Event "29th Czech Open A 2018"]
[Site "Pardubice CZE"]
[Date "2018.07.27"]
[Round "8.21"]
[White "Henderson de La Fuente, Lance"]
[Black "Piscopo, Pierluigi"]
[Result "0-1"]
[WhiteTitle "IM"]
[BlackTitle "IM"]
[WhiteElo "2463"]
[BlackElo "2389"]
[WhiteFideId "32096585"]
[BlackFideId "809152"]
[EventDate "2018.07.20"]

1. d4 Nf6 2. c4 g6 3. Nc3 Bg7 4. e4 O-O 5. h3 d6 6. Be3 Na6 7. Nf3 c5 8. g3 Qa5
9. Qd2 cxd4 10. Nxd4 Nc5 11. Bg2 Be6 12. Nxe6 Nxe6 13. Nd5 Qxd2+ 14. Kxd2 Nxd5
15. exd5 Nc5 16. Rab1 Rfc8 17. Rhc1 a5 18. b3 Ra6 19. f3 Rb6 20. Bf1 Ra8 21. Kc2
Rba6 22. Be2 b6 23. g4 R6a7 24. h4 Re8 25. Re1 Rc7 26. Kd2 Nd7 27. Rec1 e6 28.
dxe6 Rxe6 29. Bf1 Nc5 30. Re1 Rd7 31. g5 d5 32. Bh3 dxc4+ 33. Ke2 Rxe3+ 34. Kxe3
Rd3+ 35. Ke2 Bd4 36. bxc4 Re3+ 37. Kf1 Rxf3+ 38. Kg2 Rf2+ 39. Kh1 Rf4 40. Re8+
Kg7 41. Rxb6 Rxh4 42. Rbb8 h6 43. gxh6+ Kxh6 44. Kg2 Kg5 45. Rbd8 f5 46. Rd5 Nd3
47. Kf1 Nb4 48. Rd7 Nxa2 49. Bg2 Nc3 50. Re6 Bc5 51. Rg7 Rxc4 52. Rexg6+ Kf4 53.
Bh3 Nd5 54. Rf7 Rc1+ 55. Ke2 Rc2+ 56. Kf1 Ne3+ 57. Kg1 Ng4+ 58. Kf1 Rf2+ 59. Ke1
Bb4+ 60. Kd1 Ne3+ 61. Kc1 Ba3+ 0-1

[Event "29th Czech Open A 2018"]
[Site "Pardubice CZE"]
[Date "2018.07.27"]
[Round "8.22"]
[White "Kozusek, Daniel"]
[Black "Swayams, Mishra"]
[Result "0-1"]
[BlackTitle "IM"]
[WhiteElo "2302"]
[BlackElo "2463"]
[WhiteFideId "349500"]
[BlackFideId "5028183"]
[EventDate "2018.07.20"]

1. d4 Nf6 2. c4 g6 3. g3 Bg7 4. Bg2 O-O 5. Nc3 c5 6. dxc5 Na6 7. e4 Nxc5 8. e5
Ne8 9. Be3 Qa5 10. Nf3 d6 11. O-O Ne6 12. Nd5 Qd8 13. Qa4 Bd7 14. Qa3 N6c7 15.
Nxc7 Qxc7 16. Rac1 Bc6 17. exd6 Nxd6 18. Bf4 Qc8 19. b4 a6 20. Rfe1 Re8 21. Qa5
Nf5 22. Bc7 Nd4 23. Nxd4 Bxg2 24. Nf5 Bc6 25. Nxg7 Qh3 26. f3 Bxf3 27. Rc2 Kxg7
28. b5 f6 29. Rf2 axb5 30. Qc3 Qd7 31. cxb5 Bd5 32. a3 Ra4 33. b6 Re4 34. Rxe4
Bxe4 35. Rd2 Qf5 36. Qe3 Bc6 37. Rd8 Bb5 38. Rd1 Qc2 39. Rc1 Qb2 40. Qc3 Qa2 41.
Qb4 Qd5 42. Qc5 Qd7 43. Re1 Bc6 44. Qb4 g5 45. Qc4 Qd2 46. Re2 Qd1+ 47. Kf2 Qh1
48. h4 Qf3+ 49. Ke1 e5 50. hxg5 Qxg3+ 51. Rf2 Qg1+ 52. Ke2 Qxg5 53. Kf1 Qg6 54.
Qb3 Ra8 55. Qb4 Kh8 56. a4 Qd3+ 57. Ke1 Rg8 58. Rf1 Qe3+ 59. Kd1 Bf3+ 0-1